Normal view
MARC view
Entry Personal Name
001 - CONTROL NUMBER
- control field: 17145
003 - CONTROL NUMBER IDENTIFIER
- control field: BD-RjUL
005 - DATE AND TIME OF LATEST TRANSACTION
- control field: 20251012122715.0
008 - FIXED-LENGTH DATA ELEMENTS
- fixed length control field: 251012|| aca||aabn | a|a d
040 ## - CATALOGING SOURCE
- Original cataloging agency: BD-RjUL
- Transcribing agency: BD-RjUL
100 ## - HEADING--PERSONAL NAME
- Personal name: صیغر ، شاه محمد ;; Sayghar, Shah Muhammad
670 ## - SOURCE DATA FOUND
- Source citation: Work cat.: (BD-RjUL)85836: صیغر ، شاه محمد ;; Sayghar, Shah Muhammad, انتخاب کلام مسلم شعرائے بنگال / شاه محمد صیغر ... [و دیگران] /antakhab kalam maslm sharaye bangal / , 1954